[Event "Altenkirchen Seniors op 18th"]
[Site "Altenkirchen"]
[Date "2021.07.08"]
[Round "7"]
[White "Lachat, Martin"]
[Black "Sombetzki, Detlef"]
[Result "0-1"]
[WhiteElo "1548"]
[BlackElo "1440"]
[PlyCount "91"]
[EventDate "2021.07.02"]
[EventType "swiss"]
[EventRounds "9"]
[EventCountry "GER"]
[SourceTitle "CBM 203 Extra"]
[Source "ChessBase"]
[SourceDate "2021.09.30"]
[SourceVersion "1"]
[SourceVersionDate "2021.09.30"]
[SourceQuality "1"]

1. c4 c6 2. Nc3 d5 3. cxd5 cxd5 4. d4 e6 5. a3 Nf6 6. Nf3 Nc6 7. Bg5 h6 8. Bh4 Be7 9. e3 a6 10. Bd3 Nd7 11. Bg3 Nf6 12. h3 Bd6 13. Bxd6 Qxd6 14. 0-0 0-0 15. Rc1 Qd8 16. b4 b5 17. Qb3 Bd7 18. Rc2 Na7 19. Rfc1 Nc8 20. Ne5 Nb6 21. Be2 Nc4 22. Nd3 Bc6 23. Nc5 Qe7 24. Bd3 Nd7 25. e4 f6 26. exd5 exd5 27. Re2 Nxc5 28. dxc5 Qf7 29. Rce1 Rae8 30. Qa2 Rxe2 31. Rxe2 Re8 32. a4 Rxe2 33. Bxe2 Qe7 34. axb5 axb5 35. Kf1 Kf8 36. Bf3 Qe5 37. Qc2 Qh2 38. Qd3 Ne5 39. Qd1 Qh1+ 40. Ke2 Qxd1+ 41. Nxd1 Nxf3 42. Kxf3 Ke7 43. g3 f5 44. Kf4 Ke6 45. Nb2 d4 46. f3 0-1

[Event "Altenkirchen Seniors op 18th"]
[Site "Altenkirchen"]
[Date "2021.07.06"]
[Round "5"]
[White "Lachat, Martin"]
[Black "Pfaff, Helmut"]
[Result "1-0"]
[WhiteElo "1548"]
[BlackElo "1310"]
[PlyCount "85"]
[EventDate "2021.07.02"]
[EventType "swiss"]
[EventRounds "9"]
[EventCountry "GER"]
[SourceTitle "CBM 203 Extra"]
[Source "ChessBase"]
[SourceDate "2021.09.30"]
[SourceVersion "1"]
[SourceVersionDate "2021.09.30"]
[SourceQuality "1"]

1. c4 e5 2. Nc3 Nf6 3. Nf3 d6 4. e3 Be7 5. Be2 0-0 6. d4 exd4 7. Nxd4 d5 8. 0-0 Re8 9. Qb3 c5 10. Nf3 Ne4 11. Nxd5 Bd6 12. Rd1 Nc6 13. Nc3 Nxc3 14. Qxc3 Re6 15. b3 Qa5 16. Qxa5 Nxa5 17. Bb2 Nc6 18. Ng5 Rg6 19. Ne4 Bf5 20. Nxd6 Bc2 21. Bd3 Rxd6 22. Bxc2 Rad8 23. Rxd6 Rxd6 24. Rd1 Re6 25. Bf5 Re7 26. Rd7 g6 27. Rxe7 Nxe7 28. Bd7 a6 29. Bf6 Nf5 30. Bxf5 gxf5 31. Be7 b6 32. Bd8 b5 33. Be7 bxc4 34. bxc4 a5 35. a4 Kg7 36. Bxc5 Kf6 37. Bb6 Ke6 38. Bxa5 Kd7 39. c5 Kc6 40. Bb6 Kb7 41. a5 f4 42. e4 Kc6 43. a6 1-0

[Event "Innsbruck op-B 3rd"]
[Site "Innsbruck"]
[Date "2019.08.25"]
[Round "1"]
[White "Vonach, Bernhard"]
[Black "Lachat, Martin"]
[Result "1-0"]
[WhiteElo "1866"]
[BlackElo "1625"]
[PlyCount "44"]
[EventDate "2019.08.25"]
[EventType "swiss"]
[EventRounds "9"]
[EventCountry "AUT"]
[SourceTitle "EXT 2020"]
[Source "ChessBase"]
[SourceDate "2019.10.17"]
[SourceVersion "1"]
[SourceVersionDate "2019.10.17"]
[SourceQuality "1"]

1. Nf3 f5 2. b3 Nf6 3. Bb2 g6 4. e3 Bg7 5. d4 0-0 6. Ne5 e6 7. Nd2 d6 8. Nd3 Nc6 9. Be2 Bd7 10. h4 h5 11. Nf3 Nh7 12. Qd2 Qe8 13. 0-0-0 e5 14. dxe5 dxe5 15. Nfxe5 Rd8 16. Nxd7 Bxb2+ 17. Nxb2 Rf7 18. Bc4 Ne5 19. Nxe5 Rxd2 20. Bxf7+ Qxf7 21. Nxf7 Rxd1+ 22. Rxd1 Kxf7 1-0

[Event "Rheinland Pfalz op Seniors 16th"]
[Site "Neustadt an der Weinstrasse"]
[Date "2018.07.10"]
[Round "4"]
[White "Girbig, Joachim"]
[Black "Lachat, Martin"]
[Result "0-1"]
[WhiteElo "1659"]
[BlackElo "1647"]
[PlyCount "126"]
[EventDate "2018.07.07"]
[EventType "swiss"]
[EventRounds "9"]
[EventCountry "GER"]
[SourceTitle "EXT 2019"]
[Source "ChessBase"]
[SourceDate "2018.10.10"]
[SourceVersion "1"]
[SourceVersionDate "2018.10.10"]
[SourceQuality "1"]

1. f4 f5 2. Nf3 Nf6 3. g3 d6 4. Bg2 g6 5. 0-0 Bg7 6. d3 0-0 7. c3 c6 8. Be3 Ng4 9. Qb3+ Kh8 10. Bd2 Qb6+ 11. d4 Qxb3 12. axb3 e5 13. h3 e4 14. hxg4 exf3 15. Bxf3 fxg4 16. Bg2 d5 17. Na3 Bf5 18. Rae1 Re8 19. Rf2 Nd7 20. e3 Nf6 21. c4 Ne4 22. Bxe4 Bxe4 23. c5 Rf8 24. Ba5 Rf7 25. Nc2 h6 26. Rh2 Re8 27. Bc3 Rfe7 28. Na3 Kh7 29. Kf2 Bf6 30. b4 a6 31. Bd2 g5 32. Rg1 gxf4 33. gxf4 Rg8 34. Kg3 Kg6 35. Nb1 h5 36. Nc3 Bf5 37. Re1 Rh8 38. Rhe2 h4+ 39. Kh2 g3+ 40. Kg2 Bd3 41. e4 Bxe2 42. Rxe2 dxe4 43. d5 cxd5 44. Nxd5 h3+ 45. Kxg3 Bh4+ 46. Kxh3 Rf7 47. Kg4 Bd8 48. f5+ Rxf5 49. Nf4+ Rxf4+ 50. Kxf4 Rh4+ 51. Kg3 Kh5 52. Bf4 Rg4+ 53. Kf2 Rxf4+ 54. Ke3 Kg5 55. Rd2 Bf6 56. Rd7 Bxb2 57. Rxb7 Bc1+ 58. Ke2 Rf6 59. Rb6 Rxb6 60. cxb6 Kf5 61. b7 Bf4 62. Kd1 Ke6 63. Kc2 Kd7 0-1

[Event "AUT-ch Seniors 65"]
[Site "Deutschlandsberg"]
[Date "2018.04.22"]
[Round "1"]
[White "Lachat, Martin"]
[Black "Frey, Armin"]
[Result "0-1"]
[WhiteElo "1639"]
[BlackElo "1869"]
[PlyCount "32"]
[EventDate "2018.04.22"]
[EventType "swiss"]
[EventRounds "7"]
[EventCountry "AUT"]
[SourceTitle "CBM 184 Extra"]
[Source "ChessBase"]
[SourceDate "2018.06.28"]
[SourceVersion "1"]
[SourceVersionDate "2018.06.28"]
[SourceQuality "1"]

1. c4 f5 2. Nc3 e5 3. e4 d6 4. d4 exd4 5. Qxd4 Nc6 6. Qd1 Nf6 7. exf5 Bxf5 8. Bd3 Qd7 9. Bg5 Be7 10. Bxf6 Bxf6 11. Qh5+ g6 12. Qe2+ Kf7 13. Qd2 Bxd3 14. Qxd3 Nb4 15. Qd2 Qf5 16. Kd1 Bg5 0-1

[Event "Schleswig Holstein-ch Seniors op 11th"]
[Site "Buesum"]
[Date "2017.09.14"]
[Round "7"]
[White "Lachat, Martin"]
[Black "Aigner, Georg"]
[Result "0-1"]
[WhiteElo "1636"]
[BlackElo "1898"]
[PlyCount "44"]
[EventDate "2017.09.08"]
[EventType "swiss"]
[EventRounds "9"]
[EventCountry "GER"]
[SourceTitle "EXT 2019"]
[Source "ChessBase"]
[SourceDate "2018.10.10"]
[SourceVersion "1"]
[SourceVersionDate "2018.10.10"]
[SourceQuality "1"]

1. c4 e5 2. Nc3 Nf6 3. Nf3 d6 4. g3 Be6 5. b3 Nc6 6. Bg2 Qd7 7. 0-0 Bh3 8. d4 Bxg2 9. Kxg2 exd4 10. Nxd4 Be7 11. Nxc6 Qxc6+ 12. Kg1 0-0-0 13. Bb2 d5 14. Nb5 Kb8 15. Nd4 Qd7 16. cxd5 Qxd5 17. Qc2 c6 18. Rfd1 Qh5 19. Qf5 Rxd4 20. Qxh5 Rxd1+ 21. Rxd1 Nxh5 22. Rd7 Re8 0-1

[Event "Schleswig Holstein-ch Seniors op 10th"]
[Site "Buesum"]
[Date "2016.10.02"]
[Round "7"]
[White "Lachat, Martin"]
[Black "Harders, Werner"]
[Result "0-1"]
[WhiteElo "1601"]
[BlackElo "1563"]
[PlyCount "106"]
[EventDate "2016.09.26"]
[EventType "swiss"]
[EventRounds "9"]
[EventCountry "GER"]
[SourceTitle "EXT 2019"]
[Source "ChessBase"]
[SourceDate "2018.10.10"]
[SourceVersion "1"]
[SourceVersionDate "2018.10.10"]
[SourceQuality "1"]

1. c4 e6 2. Nc3 c6 3. d4 d5 4. cxd5 cxd5 5. Nf3 Nc6 6. Bf4 f5 7. a3 Nf6 8. Nb5 Qa5+ 9. Nc3 a6 10. b4 Qd8 11. e3 h6 12. Be2 Bd6 13. Ne5 0-0 14. 0-0 Bxe5 15. dxe5 Nd7 16. b5 Ncxe5 17. bxa6 bxa6 18. Nxd5 Ng6 19. Bd6 Rf7 20. Nc7 Ra7 21. Nxe6 Qf6 22. Bc4 Nb6 23. Bc5 Bxe6 24. Bxe6 Qxe6 25. Qd8+ Kh7 26. Qxb6 Qe8 27. Rfd1 Rfb7 28. Rd8 Qe5 29. Bd4 Qe4 30. f3 Qe7 31. Qa5 Rb5 32. Qc3 Rc7 33. Bf6 gxf6 34. Qd3 Rbc5 35. Rd1 Kg7 36. Qb3 Nf8 37. Qd3 Rc3 38. Qxf5 Qxe3+ 39. Kf1 R3c6 40. Qg4+ Ng6 41. R8d7+ Rxd7 42. Rxd7+ Kf8 43. Qb4+ Ne7 44. Rd1 Kf7 45. Qh4 Ng6 46. Qg4 Ne7 47. Qh5+ Ke6 48. Qh3+ Nf5 49. g4 Nd4 50. g5+ Nf5 51. g6 Rc2 52. Re1 Rf2+ 53. Kg1 Qxe1+ 0-1